000 00243 a2200109 4500
001 119704
040 _cEscola Canadense de Niteroi
245 1 0 _aAlfabeto 4 letras[Banner]
650 4 _aAlfabeto
650 4 _aLĂ­ngua Portuguesa
942 _cMATP
999 _c119704
_d119704